000
00219 a2200097 4500
020
_a
978-0714871202
100
_a
Jonathan Olivares
245
_a
Richard Sapper
250
_a
First Edition
260
_b
Phaidon Press
_c
2016
999
_c
13215
_d
13215